|
|
|
|
| LEADER |
00000naa2a2200000 4500 |
| 001 |
234982 |
| 005 |
20260213092137.0 |
| 035 |
|
|
|a (RuTPU)RU\TPU\book\256111
|
| 035 |
|
|
|a RU\TPU\book\256108
|
| 090 |
|
|
|a 234982
|
| 100 |
|
|
|a 20130402d2011 k y0rusy50 ca
|
| 101 |
0 |
|
|a rus
|
| 102 |
|
|
|a RU
|
| 135 |
|
|
|a drnn ---uucaa
|
| 181 |
|
0 |
|a i
|
| 182 |
|
0 |
|a b
|
| 200 |
1 |
|
|a Технология травления и одновременной регенерации травильных растворов
|f А. Д. Исмагулова, С. В. Образцов
|g науч. рук. А. А. Орлов
|
| 203 |
|
|
|a Текст
|c электронный
|
| 225 |
1 |
|
|a Физические методы в науке и технике
|
| 300 |
|
|
|a Заглавие с титульного экрана
|
| 320 |
|
|
|a [Библиогр.: с. 34 (1 назв.)]
|
| 337 |
|
|
|a Adobe Reader
|
| 461 |
|
1 |
|0 (RuTPU)RU\TPU\book\255301
|t Современные техника и технологии
|o сборник трудов XVII международной научно-практической конференции студентов, аспирантов и молодых ученых, Томск, 18-22 апреля 2011 г
|o в 3 т.
|f Национальный исследовательский Томский политехнический университет (ТПУ)
|d 2011
|
| 463 |
|
1 |
|0 (RuTPU)RU\TPU\book\255308
|t Т. 3
|v [С. 33-34]
|d 2011
|
| 610 |
1 |
|
|a труды учёных ТПУ
|
| 610 |
1 |
|
|a электронный ресурс
|
| 610 |
1 |
|
|a технология
|
| 610 |
1 |
|
|a травление
|
| 610 |
1 |
|
|a регенерация
|
| 610 |
1 |
|
|a травильные растворы
|
| 700 |
|
1 |
|a Исмагулова
|b А. Д.
|
| 701 |
|
1 |
|a Образцов
|b С. В.
|
| 702 |
|
1 |
|a Орлов
|b А. А.
|c физик
|c профессор Томского политехнического университета, доктор технических наук
|f 1962-
|g Алексей Алексеевич
|3 (RuTPU)RU\TPU\pers\25498
|4 727
|9 11434
|
| 801 |
|
2 |
|a RU
|b 63413507
|c 20130416
|g RCR
|
| 856 |
4 |
|
|u http://www.lib.tpu.ru/fulltext/c/2011/C01/V03/014.pdf
|
| 942 |
|
|
|c CF
|